| 000 | 02496cam a22002054a 4500 | ||
|---|---|---|---|
| 005 | 20250605164025.0 | ||
| 008 | 250528s ||||||||||||||||||||||||d | ||
| 035 | _a16478 | ||
| 020 | _a9608519683 | ||
| 040 |
_aGR-AtMCL _bgre _dGR-AtMCL _eAACR2 |
||
| 245 | 1 | _aΗ Κρήτη στις Αρχές και τα Τέλη του 20ου Αιώνα | |
| 260 | _c1998 | ||
| 300 | _a434 | ||
| 505 | 0 | _aΗ Επανάσταση 1895-1896, Η Επανάσταση 1897-1898, Οι Μάχες των Αρχανών, Τα Γεγονότα του Ακρωτηρίου, Οι Σφαγές του Ηρακλείου τον Αύγουστο του 1898, Περίοδος της Αυτονομίας - Κρητική Πολιτεία, Αρμοστεία του Πρίγκηπα Ζαϊμη, Εξισλαμισμοί στην Κρήτη, Οι Ξένες Δυνάμεις και ο Ρόλος τους στην Κρήτη, Η Κρητική Χωροφυλακή 1898-1908, η Κρητική Πολιτοφυλακή 1907-1913, Η Παιδεία στην Κρήτη, Εκκλησίες - Αρχαιότητε και Αρχαιολογικά Μουσεία, Εκκλησιαστική Οργάνωση, Υγεία - Κοινωνική Πρόνοια, Γεωργία, Κοινωνική και Οικονομική Ζωή, Αρχιτεκτονική Πόλεων και Χωριών της Κρήτης. | |
| 520 | _aΗ Επανάσταση 1895-1896, Η Επανάσταση 1897-1898, Οι Μάχες των Αρχανών, Τα Γεγονότα του Ακρωτηρίου, Οι Σφαγές του Ηρακλείου τον Αύγουστο του 1898, Περίοδος της Αυτονομίας - Κρητική Πολιτεία, Αρμοστεία του Πρίγκηπα Ζαϊμη, Εξισλαμισμοί στην Κρήτη, Οι Ξένες Δυνάμεις και ο Ρόλος τους στην Κρήτη, Η Κρητική Χωροφυλακή 1898-1908, η Κρητική Πολιτοφυλακή 1907-1913, Η Παιδεία στην Κρήτη, Εκκλησίες - Αρχαιότητε και Αρχαιολογικά Μουσεία, Εκκλησιαστική Οργάνωση, Υγεία - Κοινωνική Πρόνοια, Γεωργία, Κοινωνική και Οικονομική Ζωή, Αρχιτεκτονική Πόλεων και Χωριών της Κρήτης. | ||
| 700 | 1 |
_aΠαναγιωτάκης Γιώργος _92571 |
|
| 942 | _cBK | ||
| 999 |
_c1973 _d1973 |
||